000 00709nam a2200289Ia 4500
005 20260324121519.0
008 008 260324s9999 xx 000 0 eng d
020 _a9781315727967
037 _aEBOOK
040 _aCRL
040 _beng
040 _cCRL
041 _2eng
041 _aeng
084 _qCRL
100 _aJeffrey S. Drouin
_91162804
245 0 _aJames Joyce, Science, and Modernist Print Culture
245 0 _b“The Einstein of English Fiction”
260 _bTaylor and Francis
260 _c2014
365 _a
365 _b240
856 _uhttp://www.taylorfrancis.com/books/9781315727967
942 _cEBOOK
999 _c1754972
_d1754972